| Поле | Инд. | ПП | Название | Значение |
|---|---|---|---|---|
| Тип записи | a | |||
| Библиографический уровень | m | |||
| 001 | Контрольный номер | RU/LIBMSTU/263919936 | ||
| 005 | Дата корректировки | 20230109165104.2 | ||
| 020 | 00 | a | ISBN | 5-8291-0196-3 |
| c | Цена, тираж | 585-00 | ||
| 020 | 00 | a | ISBN | 5-88687-140-3 |
| 084 | a | Индекс другой классификации/Индекс ББК | 67.1 | |
| 090 | 00 | a | Полочн. индекс | 67.1 |
| x | Авторский знак | П 68 | ||
| 245 | 00 | a | Заглавие | Правовая мысль |
| c | Ответственность | авт.-сост. В. П. Малахов | ||
| b | Продолж. заглавия | Антология | ||
| 260 | 00 | a | Место издания | Москва |
| b | Издательство | Акад. проект ; Екатеринбург : Деловая кн. | ||
| c | Дата издания | 2003 | ||
| 300 | 00 | a | Объем | 1016 с. |
| 440 | 00 | a | Серия | Summa |
| 650 | _4 | a | Основная рубрика | Правовые учения-История |
| 653 | 00 | a | Ключевые слова | История правовых учений |
| a | Ключевые слова | Право | ||
| a | Ключевые слова | Правовая мысль | ||
| a | Ключевые слова | Правовые учения | ||
| a | Ключевые слова | Правосознание | ||
| 901 | t | Тип документа | m | |
| 990 | 00 | f | Даты поступлений (DOS) | 12.03 |